Every United States City In The Top 100 Since 1850 - Statistics

General Stats
  • This quiz has been taken 1,219 times
  • The average score is 128 of 252
Answers on the Map
Answers color-coded by a green-red scale on the quiz's map according to % correct below.
 
Answer Stats
State Answer % Correct
WA Seattle
95%
TX Houston
94%
NV Las Vegas
94%
FL Miami
94%
CA San Francisco
94%
TX Dallas
93%
CO Denver
93%
NY New York
93%
CA San Diego
93%
TX Austin
92%
IL Chicago
92%
CA Los Angeles
92%
AZ Phoenix
92%
ME | OR Portland
92%
MI Detroit
91%
HI Honolulu
91%
LA New Orleans
91%
UT Salt Lake City
91%
MA Boston
90%
MS Jackson
90%
KS | MO Kansas City
90%
FL Orlando
90%
GA Atlanta
89%
MN Minneapolis
89%
TN Nashville
89%
OK Oklahoma City
89%
PA Philadelphia
89%
AK Anchorage
88%
IN Indianapolis
88%
FL Tampa
88%
DC Washington
88%
NM Albuquerque
87%
TX El Paso
87%
FL Jacksonville
87%
TN Memphis
87%
CA Sacramento
87%
TX San Antonio
87%
ID Boise
86%
PA Pittsburgh
86%
NY Albany
85%
MD Baltimore
85%
OH Cleveland
85%
MO St. Louis
85%
NY Buffalo
84%
GA | OH Columbus
84%
NC Charlotte
83%
WI Milwaukee
83%
MN Saint Paul
83%
CA San Jose
83%
LA Baton Rouge
82%
OH Cincinnati
82%
TX Fort Worth
82%
NV Reno
82%
IA Des Moines
81%
VA Richmond
81%
AZ Tucson
81%
NE Omaha
80%
NC Raleigh
80%
IL | MA | OH Springfield
80%
AR Little Rock
79%
KY Louisville
79%
AL Birmingham
77%
OK Tulsa
77%
SC Charleston
76%
CO Colorado Springs
76%
NE Lincoln
76%
CA Oakland
75%
RI Providence
75%
CA Fresno
73%
WI Madison
73%
NJ Newark
72%
GA Savannah
72%
GA | ME Augusta
71%
VA Virginia Beach
71%
CT Hartford
70%
AL Montgomery
70%
KS Wichita
70%
AL Mobile
68%
WA Spokane
68%
KS Topeka
68%
NY Rochester
67%
OH Toledo
67%
NC Winston-Salem
67%
TX Corpus Christi
66%
NJ Trenton
66%
CA Bakersfield
65%
PA Harrisburg
65%
TX | VA Arlington
64%
NJ Jersey City
64%
TN Knoxville
64%
KY Lexington
64%
NY Syracuse
64%
CA Anaheim
63%
MI Grand Rapids
62%
PA Erie
61%
FL Fort Lauderdale
61%
IN Gary
61%
AZ Mesa
61%
FL St. Petersburg
61%
TX Amarillo
60%
NC Durham
60%
CT New Haven
60%
WA Tacoma
60%
OH Dayton
59%
CA Long Beach
59%
NV North Las Vegas
59%
MN Duluth
58%
TN Chattanooga
57%
NH Manchester
57%
CO Aurora
56%
NH Concord
56%
NC Greensboro
56%
MA Salem
56%
IN Fort Wayne
55%
VA Norfolk
55%
TX Galveston
54%
TX Lubbock
54%
CA Riverside
54%
LA Shreveport
54%
DE Wilmington
54%
NY Yonkers
54%
NV Henderson
52%
AL Huntsville
52%
CA San Bernardino
52%
NY Brooklyn
51%
MI Flint
50%
KY | RI Newport
50%
MA Worcester
50%
PA Allentown
49%
AZ | WA Scottsdale
49%
CT Bridgeport
47%
CA Stockton
47%
MA Cambridge
46%
LA Lafayette
45%
CA Santa Ana
45%
VA Alexandria
43%
ME Bangor
43%
IL Peoria
43%
IA Sioux City
43%
AZ | CA Glendale
41%
TX Plano
41%
NY Utica
41%
NH Dover
40%
CA Irvine
40%
IN Evansville
39%
VA Chesapeake
38%
OH Youngstown
38%
AZ Chandler
37%
CA Chula Vista
37%
IA Davenport
37%
PA Lancaster
36%
MA Nantucket
36%
NH | VA Portsmouth
35%
IL Rockford
35%
CA Berkeley
34%
MA Lowell
32%
NH Nashua
32%
NJ Camden
31%
AZ Gilbert
31%
TX Irving
31%
NJ Elizabeth
30%
FL Port St. Lucie
30%
NY Poughkeepsie
30%
WV Wheeling
30%
IL East St. Louis
29%
FL Hialeah
29%
NY Auburn
28%
CA Huntington Beach
28%
IL Quincy
28%
PA Reading
28%
MI Saginaw
28%
PA Wilkes-Barre
28%
NY Binghamton
27%
IA Burlington
27%
OH Canton
27%
NJ Paterson
27%
PA Altoona
26%
IA Dubuque
26%
CA Fremont
26%
MA Lawrence
26%
TX Garland
25%
NY Schenectady
25%
MA New Bedford
24%
NY Troy
24%
NJ Hoboken
23%
CT New London
22%
IN Terre Haute
22%
MA Lynn
20%
MO St. Joseph
20%
MI Warren
20%
MI Bay City
19%
MA Fall River
19%
RI Pawtucket
18%
CT Waterbury
17%
MA Brockton
16%
LA Metairie
16%
KY Covington
15%
NY Elmira
15%
MA Gloucester
15%
VA Petersburg
15%
PA Williamsport
15%
DC Georgetown
14%
PA Johnstown
14%
PA Northern Liberties
13%
CT Norwich
13%
NY Hempstead
12%
NY Kingston
12%
NJ New Brunswick
12%
PA Allegheny
11%
NJ Bayonne
11%
KS Leavenworth
11%
NY Oswego
10%
MA Somerville
10%
IN New Albany
9%
MA Charlestown
8%
MA Holyoke
8%
NY Newburgh
8%
RI North Providence
8%
NJ Passaic
8%
MA Taunton
8%
PA Southwark
7%
MA Chicopee
6%
NY Flushing
6%
PA Kensington
6%
NY Lockport
6%
MA Newburyport
6%
PA Spring Garden
6%
MA Chelsea
5%
NY Newtown
5%
MA Danvers
4%
PA Penn
4%
NY Brookhaven
3%
NY Cohoes
3%
NY Fishkill
3%
MA Roxbury
3%
NY Seneca
3%
RI Smithfield
3%
NY Williamsburgh
3%
NY Chenango
2%
PA Moyamensing
2%
NY Cortlandt
1%
No matching quizzes found
Score Distribution
Percent of People with Each Score
Percentile by Number Answered
Your Score History
You have not taken this quiz